[Event "NAYCC U10"]
[Site "Toronto CAN"]
[Date "2013.08.16"]
[Round "4"]
[White "Zhang, Jason S"]
[Black "Baradaran, Arman"]
[Result "0-1"]
[WhiteElo "1605"]
[BlackElo "1832"]
[PlyCount "154"]
[GameId "2160767909258821"]
[EventDate "2013.08.14"]
[EventType "swiss"]
[EventRounds "9"]
[EventCountry "CAN"]
[SourceTitle "EXT 2022"]
[Source "ChessBase"]
[SourceDate "2021.10.06"]
[SourceVersion "1"]
[SourceVersionDate "2021.10.06"]
[SourceQuality "1"]

1. e4 d5 2. exd5 Qxd5 3. Nc3 Qd6 4. Nf3 Nf6 5. Bc4 Bf5 6. d3 c6 7. O-O e6 8. Re1 Be7 9. Ne2 O-O 10. Ng3 Bg6 11. Ne5 Nbd7 12. Nxg6 hxg6 13. Bg5 Nb6 14. Bb3 a5 15. a3 Nfd5 16. Ne4 Qc7 17. Bxe7 Qxe7 18. Qf3 Nd7 19. Re2 Qh4 20. Rae1 Ne5 21. Qg3 Qxg3 22. Nxg3 Nd7 23. Nf1 Nc5 24. Bxd5 cxd5 25. h4 b5 26. b3 Rac8 27. g4 Rc7 28. d4 Ne4 29. f3 Nf6 30. Ne3 Rfc8 31. Rh2 a4 32. b4 Rc3 33. g5 Nh5 34. Nd1 Rxc2 35. Rxc2 Rxc2 36. Nf2 Nf4 37. Ra1 Ne2+ 38. Kg2 Nxd4 39. Rd1 Nf5 40. Rd3 Nd6 41. Kf1 Nc4 42. Ke1 Ra2 43. Nd1 Rxa3 44. Rxa3 Nxa3 45. Nc3 Nc2+ 46. Kd2 Nxb4 47. Nxb5 Kf8 48. Kc3 Nc6 49. f4 Ke7 50. Kb2 e5 51. fxe5 Nxe5 52. Ka3 Nf3 53. Kxa4 Nxh4 54. Nd4 Nf5 55. Nf3 Ke6 56. Kb3 Nd6 57. Kb4 Ne4 58. Kb5 Kf5 59. Kc6 Nxg5 60. Nxg5 Kxg5 61. Kxd5 f5 62. Kd4 Kg4 63. Ke5 f4 64. Ke4 f3 65. Ke3 Kg3 66. Ke4 f2 67. Kd5 f1=Q 68. Ke5 Qd3 69. Ke6 Qd4 70. Ke7 Kf4 71. Ke6 Kg5 72. Ke7 Qb6 73. Kf7 Qd6 74. Kg8 Qe7 75. Kh7 Kh5 76. Kg8 Kh6 77. Kh8 Qf8# 0-1

[Event "NAYCC U10"]
[Site "Toronto CAN"]
[Date "2013.08.16"]
[Round "5"]
[White "Atanasov, David"]
[Black "Mirabelli, Aidan"]
[Result "0-1"]
[WhiteElo "1076"]
[BlackElo "913"]
[PlyCount "73"]
[GameId "2160767909258822"]
[EventDate "2013.08.14"]
[EventType "swiss"]
[EventRounds "9"]
[EventCountry "CAN"]
[SourceTitle "EXT 2022"]
[Source "ChessBase"]
[SourceDate "2021.10.06"]
[SourceVersion "1"]
[SourceVersionDate "2021.10.06"]
[SourceQuality "1"]

1. d4 d5 2. c4 e6 3. Nc3 Nf6 4. Nf3 Be7 5. e3 c5 6. Bd3 Nc6 7. O-O O-O 8. Re1 b6 9. b3 h6 10. Bb2 Bb7 11. h3 cxd4 12. exd4 Qc7 13. Qd2 Bd6 14. Rad1 e5 15. Nb5 Qb8 16. Nxd6 e4 17. Nxb7 Qxb7 18. cxd5 exf3 19. dxc6 Qxc6 20. gxf3 Qxf3 21. Qe3 Qc6 22. Be4 Nxe4 23. Qxe4 Qc8 24. Qg4 Qc2 25. Rb1 Rfd8 26. d5 f6 27. Qe6+ Kh7 28. d6 Re8 29. Qxe8 Rxe8 30. Rxe8 Qg6+ 31. Kh2 Qxe8 32. Rd1 Qe2 33. Rg1 Qxb2 34. Rd1 Qxf2+ 35. Kh1 Qf3+ 36. Kh2 Qf4+ 37. Kg2 0-1

[Event "NAYCC U10"]
[Site "Toronto CAN"]
[Date "2013.08.16"]
[Round "5"]
[White "Baradaran, Arman"]
[Black "Ming, Wenyang"]
[Result "0-1"]
[WhiteElo "1832"]
[BlackElo "1815"]
[PlyCount "156"]
[GameId "2160767909258823"]
[EventDate "2013.08.14"]
[EventType "swiss"]
[EventRounds "9"]
[EventCountry "CAN"]
[SourceTitle "EXT 2022"]
[Source "ChessBase"]
[SourceDate "2021.10.06"]
[SourceVersion "1"]
[SourceVersionDate "2021.10.06"]
[SourceQuality "1"]

1. d4 Nf6 2. c4 c5 3. d5 b5 4. cxb5 a6 5. b6 d6 6. Nc3 Nbd7 7. e4 Rb8 8. Nf3 g6 9. Bd3 Bg7 10. h3 O-O 11. Rb1 Rxb6 12. O-O a5 13. Bd2 Ba6 14. Qe2 Bxd3 15. Qxd3 Rb4 16. b3 Rb7 17. Bf4 Qb8 18. Na4 Rc8 19. Bh2 Rb4 20. Nd2 Rd4 21. Qe2 Qb4 22. Rfd1 Nxe4 23. Nc4 Rxc4 24. Qxc4 Qxc4 25. bxc4 Bd4 26. Rf1 Nd2 27. Rb7 Nxf1 28. Kxf1 Ne5 29. Nb6 Re8 30. Ke2 f5 31. f4 Nf7 32. Nd7 e6 33. Rb8 Rxb8 34. Nxb8 e5 35. Nc6 a4 36. h4 e4 37. Bg3 Kf8 38. Be1 Ke8 39. Ba5 Kd7 40. Bb6 Bf6 41. g3 Bd8 42. Nxd8 Nxd8 43. Ba5 Nb7 44. Be1 a3 45. Kd1 Kc7 46. Kc2 Kb6 47. Bd2 Na5 48. Kc3 Nb7 49. Kc2 Nd8 50. Kb3 Nf7 51. Kxa3 Nh6 52. Kb3 Ng4 53. Kc2 Nh2 54. Be1 Nf3 55. Bc3 Ng1 56. Kd2 Nf3+ 57. Ke3 Nh2 58. Ke2 Ng4 59. Bg7 Ka5 60. a3 Ka4 61. Bf8 Nf6 62. Bxd6 Nd7 63. Be5 Kxa3 64. d6 Kb3 65. g4 fxg4 66. h5 gxh5 67. Bg7 Kxc4 68. f5 Kd5 69. f6 Kxd6 70. f7 Ke7 71. f8=Q+ Nxf8 72. Be5 Ke6 73. Bg3 Ng6 74. Ke3 h4 75. Bf2 g3 76. Bg1 h3 77. Kxe4 h2 78. Bxc5 h1=Q+ 0-1

[Event "NAYCC U10"]
[Site "Toronto CAN"]
[Date "2013.08.16"]
[Round "5"]
[White "Chan, Eric"]
[Black "Hawthorn, Charles"]
[Result "1-0"]
[WhiteElo "1571"]
[BlackElo "1862"]
[PlyCount "51"]
[GameId "2160767909258824"]
[EventDate "2013.08.14"]
[EventType "swiss"]
[EventRounds "9"]
[EventCountry "CAN"]
[SourceTitle "EXT 2022"]
[Source "ChessBase"]
[SourceDate "2021.10.06"]
[SourceVersion "1"]
[SourceVersionDate "2021.10.06"]
[SourceQuality "1"]

1. e4 c5 2. Nf3 Nc6 3. d4 cxd4 4. Nxd4 g6 5. Nc3 Bg7 6. Be3 Nf6 7. Bc4 Qa5 8. f3 Qb4 9. Bb3 O-O 10. a3 Qa5 11. Qd2 d6 12. O-O-O Bd7 13. h4 a6 14. g4 h5 15. gxh5 Nxh5 16. Rdg1 Kh7 17. f4 Nxd4 18. Bxd4 Bxd4 19. Qxd4 Nxf4 20. Qf2 e5 21. h5 Kg7 22. hxg6 fxg6 23. Qh4 Qd8 24. Qh7+ Kf6 25. Nd5+ Nxd5 26. Rxg6# 1-0

[Event "NAYCC U10"]
[Site "Toronto CAN"]
[Date "2013.08.16"]
[Round "5"]
[White "Ekzhanov, Sergey"]
[Black "Yelamarti, Shanmukh"]
[Result "1-0"]
[WhiteElo "964"]
[BlackElo "393"]
[PlyCount "124"]
[GameId "2160767909258825"]
[EventDate "2013.08.14"]
[EventType "swiss"]
[EventRounds "9"]
[EventCountry "CAN"]
[SourceTitle "EXT 2022"]
[Source "ChessBase"]
[SourceDate "2021.10.06"]
[SourceVersion "1"]
[SourceVersionDate "2021.10.06"]
[SourceQuality "1"]

1. e4 e5 2. Nf3 Nc6 3. Nc3 Nf6 4. d4 exd4 5. Nxd4 Nxd4 6. Qxd4 Be7 7. Bg5 O-O 8. e5 c5 9. Qf4 Nh5 10. Bxe7 Qxe7 11. Nd5 Nxf4 12. Nxe7+ Kh8 13. O-O-O Re8 14. Nxc8 Raxc8 15. Rxd7 Rxe5 16. g3 Ne2+ 17. Bxe2 Rxe2 18. Rhd1 h6 19. Rxf7 b5 20. b3 Rce8 21. Kb2 R2e7 22. Rd7 Rxd7 23. Rxd7 Re2 24. Rxa7 Rxf2 25. Ra5 Rxh2 26. Rxb5 Rh5 27. b4 Rg5 28. Rxc5 Rxg3 29. Rc8+ Kh7 30. b5 Rf3 31. b6 Rf6 32. Rb8 h5 33. b7 h4 34. Rh8+ Kxh8 35. b8=Q+ Kh7 36. c4 h3 37. Qh2 Rh6 38. c5 g5 39. c6 Rxc6 40. Qxh3+ Rh6 41. Qf5+ Rg6 42. Qf7+ Rg7 43. Qh5+ Kg8 44. a4 g4 45. a5 g3 46. Qd5+ Kh7 47. Qd4 g2 48. Qg1 Rg5 49. a6 Rg8 50. a7 Kh6 51. a8=Q Rxa8 52. Qh2+ Kg6 53. Qxg2+ Kf5 54. Qxa8 Ke5 55. Kc3 Kf4 56. Qd5 Ke3 57. Qe5+ Kf3 58. Kd3 Kg4 59. Ke3 Kh3 60. Kf2 Kg4 61. Kg2 Kh4 62. Kf3 Kh3 1-0

[Event "NAYCC U10"]
[Site "Toronto CAN"]
[Date "2013.08.16"]
[Round "5"]
[White "Feng, Richard"]
[Black "Frutos, Cole N"]
[Result "0-1"]
[WhiteElo "1534"]
[BlackElo "1721"]
[PlyCount "64"]
[GameId "2160767909258826"]
[EventDate "2013.08.14"]
[EventType "swiss"]
[EventRounds "9"]
[EventCountry "CAN"]
[SourceTitle "EXT 2022"]
[Source "ChessBase"]
[SourceDate "2021.10.06"]
[SourceVersion "1"]
[SourceVersionDate "2021.10.06"]
[SourceQuality "1"]

1. e4 e5 2. Nc3 Nc6 3. f4 d6 4. Nf3 Nf6 5. Bc4 Be7 6. d3 Bg4 7. Nd5 Nxd5 8. Bxd5 Bh4+ 9. Kf1 O-O 10. Bxc6 bxc6 11. g3 Be7 12. h3 Bxf3 13. Qxf3 Qd7 14. f5 d5 15. Be3 Rab8 16. b3 a6 17. h4 Bb4 18. f6 Bc3 19. Rd1 Rfd8 20. Kg2 Re8 21. fxg7 Re6 22. h5 Bd4 23. Bxd4 exd4 24. Qf5 dxe4 25. dxe4 Rb5 26. Qg4 Rbe5 27. Rhe1 c5 28. c3 Qe8 29. Kf3 f5 30. Qf4 Qxh5+ 31. Kg2 Rxe4 32. Rh1 Qxh1+ 0-1

[Event "NAYCC U10"]
[Site "Toronto CAN"]
[Date "2013.08.16"]
[Round "5"]
[White "Guo, Ryan"]
[Black "Ren, Gaven"]
[Result "0-1"]
[WhiteElo "1007"]
[BlackElo "716"]
[PlyCount "115"]
[GameId "2160767909258827"]
[EventDate "2013.08.14"]
[EventType "swiss"]
[EventRounds "9"]
[EventCountry "CAN"]
[SourceTitle "EXT 2022"]
[Source "ChessBase"]
[SourceDate "2021.10.06"]
[SourceVersion "1"]
[SourceVersionDate "2021.10.06"]
[SourceQuality "1"]

1. g3 d5 2. Bg2 Nf6 3. Nf3 Nc6 4. d4 Bg4 5. Bf4 Qd7 6. Nc3 Bh3 7. Bxh3 Qxh3 8. Nb5 e5 9. Nxe5 Bd6 10. Nxc6 bxc6 11. Bxd6 cxb5 12. Bxc7 O-O 13. Be5 Qg2 14. Rf1 Ng4 15. Kd2 Nxe5 16. dxe5 Rfe8 17. f4 Qxh2 18. Kc1 Rad8 19. g4 d4 20. Qd3 a6 21. Qf3 Qh6 22. g5 Qe6 23. Qe4 f5 24. gxf6 Qxf6 25. Qg2 Qg6 26. Qxg6 hxg6 27. Rg1 Re6 28. Kd2 Rd5 29. Raf1 Kf7 30. Rf3 a5 31. Rd3 b4 32. Kc1 a4 33. e3 Re7 34. exd4 Red7 35. Rgd1 Ke6 36. c3 bxc3 37. bxc3 Kf5 38. Rf1 Ke4 39. Kc2 Kf5 40. Rdf3 Re7 41. Rb1 Ke4 42. Rff1 Kf5 43. Rb4 Ra7 44. Kd3 Ke6 45. Rb6+ Kf7 46. Ke4 Rd8 47. f5 gxf5+ 48. Rxf5+ Ke7 49. Rg5 Kf7 50. Rbg6 Kf8 51. Rf5+ Kg8 52. e6 Re8 53. d5 Kh7 54. Rg4 a3 55. Rh5+ Kg8 56. Rgh4 Kf8 57. d6 Raa8 58. Rh8# 0-1

[Event "NAYCC U10"]
[Site "Toronto CAN"]
[Date "2013.08.16"]
[Round "5"]
[White "Guo, Thomas"]
[Black "Levkov, Daniel"]
[Result "1-0"]
[WhiteElo "1629"]
[BlackElo "1867"]
[PlyCount "51"]
[GameId "2160767909258828"]
[EventDate "2013.08.14"]
[EventType "swiss"]
[EventRounds "9"]
[EventCountry "CAN"]
[SourceTitle "EXT 2022"]
[Source "ChessBase"]
[SourceDate "2021.10.06"]
[SourceVersion "1"]
[SourceVersionDate "2021.10.06"]
[SourceQuality "1"]

1. e4 c5 2. Nf3 d6 3. d4 cxd4 4. Nxd4 Nf6 5. Nc3 g6 6. g3 Bg7 7. Bg2 O-O 8. O-O Nc6 9. Nde2 Bd7 10. Nf4 Rc8 11. Re1 Ne5 12. Nfd5 Nxd5 13. Nxd5 Bc6 14. c3 Bb5 15. f4 Nd3 16. Bf1 Nxe1 17. Bxb5 e6 18. Ne3 Qb6 19. Bf1 d5 20. Qxe1 d4 21. Nc4 dxc3+ 22. Nxb6 axb6 23. e5 c2 24. Be3 Rfd8 25. Rc1 Bf8 26. Qe2 1-0

[Event "NAYCC U10"]
[Site "Toronto CAN"]
[Date "2013.08.16"]
[Round "5"]
[White "He, Oliver"]
[Black "Atchuthananthan, Arun"]
[Result "1/2-1/2"]
[WhiteElo "799"]
[BlackElo "1032"]
[PlyCount "35"]
[GameId "2160767909258829"]
[EventDate "2013.08.14"]
[EventType "swiss"]
[EventRounds "9"]
[EventCountry "CAN"]
[SourceTitle "EXT 2022"]
[Source "ChessBase"]
[SourceDate "2021.10.06"]
[SourceVersion "1"]
[SourceVersionDate "2021.10.06"]
[SourceQuality "1"]

1. e4 d5 2. exd5 Qxd5 3. Nc3 Qd6 4. Nb5 Qc6 5. Nf3 a6 6. Nc3 Nf6 7. b3 b5 8. Bb2 e6 9. Bd3 Be7 10. O-O O-O 11. Re1 Qd7 12. h3 Bb7 13. Ne4 Nxe4 14. Bxe4 Bxe4 15. Rxe4 Nc6 16. Rg4 g6 17. Qe1 f6 18. Re4 1/2-1/2

[Event "NAYCC U10"]
[Site "Toronto CAN"]
[Date "2013.08.16"]
[Round "5"]
[White "Hua, Eugene"]
[Black "Niemann, Hans Moke"]
[Result "1/2-1/2"]
[WhiteElo "1775"]
[BlackElo "1835"]
[PlyCount "52"]
[GameId "2160767909258830"]
[EventDate "2013.08.14"]
[EventType "swiss"]
[EventRounds "9"]
[EventCountry "CAN"]
[SourceTitle "EXT 2022"]
[Source "ChessBase"]
[SourceDate "2021.10.06"]
[SourceVersion "1"]
[SourceVersionDate "2021.10.06"]
[SourceQuality "1"]

1. e4 c5 2. c3 g6 3. d4 cxd4 4. cxd4 Bg7 5. Nc3 d6 6. Nf3 Bg4 7. Be3 Nc6 8. Be2 Nf6 9. h3 Bxf3 10. Bxf3 Rc8 11. Rc1 O-O 12. O-O Na5 13. b3 a6 14. Qe2 b5 15. Rfd1 Ne8 16. Nd5 Nc6 17. Nc3 Qa5 18. Nd5 Qd8 19. Nc3 e6 20. g3 Qa5 21. Qd2 e5 22. dxe5 Nxe5 23. Bg2 Rxc3 24. Rxc3 Nf3+ 25. Bxf3 Bxc3 26. Qc2 f6 1/2-1/2

[Event "NAYCC U10"]
[Site "Toronto CAN"]
[Date "2013.08.16"]
[Round "5"]
[White "Huang, Qiuyu"]
[Black "Noritsyn, Sergey"]
[Result "0-1"]
[WhiteElo "1512"]
[BlackElo "2006"]
[PlyCount "120"]
[GameId "2160767909258831"]
[EventDate "2013.08.14"]
[EventType "swiss"]
[EventRounds "9"]
[EventCountry "CAN"]
[SourceTitle "EXT 2022"]
[Source "ChessBase"]
[SourceDate "2021.10.06"]
[SourceVersion "1"]
[SourceVersionDate "2021.10.06"]
[SourceQuality "1"]

1. d4 Nf6 2. Bg5 e6 3. e4 h6 4. Bxf6 Qxf6 5. Nf3 b6 6. c3 Bb7 7. Bd3 c5 8. O-O Nc6 9. e5 Qd8 10. Nbd2 Be7 11. Nc4 O-O 12. Bc2 b5 13. Nd6 Bxd6 14. exd6 cxd4 15. Nxd4 Ne5 16. Qe2 Nc4 17. Nxb5 Qg5 18. g3 Qxb5 19. Bd3 Qd5 20. f3 Nxd6 21. Rad1 Qc5+ 22. Kg2 Rfd8 23. Bc2 Nc4 24. Rfe1 d6 25. b4 Qc6 26. Rd4 Ne5 27. Be4 Qxc3 28. Red1 Bxe4 29. Qxe4 Qc6 30. Qe2 Ng6 31. b5 Qb6 32. a4 a6 33. Rb4 d5 34. Rdb1 axb5 35. Qxb5 Qxb5 36. axb5 Rdb8 37. b6 Rb7 38. Kf2 Rab8 39. f4 Ne7 40. Ke3 Nc8 41. Kd4 Rxb6 42. Rxb6 Nxb6 43. g4 Nd7 44. Rxb8+ Nxb8 45. f5 Nc6+ 46. Ke3 e5 47. h4 f6 48. Kd3 d4 49. Kd2 e4 50. Ke2 Ne5 51. Kd2 d3 52. Ke1 e3 53. Kf1 e2+ 54. Ke1 Nf3+ 55. Kf2 e1=Q+ 56. Kxf3 Qe2+ 57. Kg3 d2 58. Kh3 d1=Q 59. Kg3 Qdd3+ 60. Kf4 Qee4# 0-1

[Event "NAYCC U10"]
[Site "Toronto CAN"]
[Date "2013.08.16"]
[Round "5"]
[White "Hung, Justin"]
[Black "Miranda-Radbord, Cameron"]
[Result "1-0"]
[WhiteElo "1179"]
[BlackElo "709"]
[PlyCount "91"]
[GameId "2160767909258832"]
[EventDate "2013.08.14"]
[EventType "swiss"]
[EventRounds "9"]
[EventCountry "CAN"]
[SourceTitle "EXT 2022"]
[Source "ChessBase"]
[SourceDate "2021.10.06"]
[SourceVersion "1"]
[SourceVersionDate "2021.10.06"]
[SourceQuality "1"]

1. e4 e5 2. Nf3 Nc6 3. Bc4 Bc5 4. Nc3 Nf6 5. d3 d6 6. O-O O-O 7. a3 Ng4 8. b4 Bb6 9. h3 Nf6 10. Re1 Be6 11. Bxe6 fxe6 12. Bb2 d5 13. exd5 exd5 14. Nxe5 Nxe5 15. Rxe5 Nd7 16. Rxd5 Bxf2+ 17. Kh1 Re8 18. Qg4 Re7 19. Ne4 Qf8 20. Rf5 Rf7 21. Rxf7 Qxf7 22. Rf1 Qg6 23. Qxd7 Bg3 24. Qd5+ Kh8 25. Ng5 h6 26. Nf7+ Kh7 27. Qxb7 Rg8 28. Qe4 Qxe4 29. dxe4 Rb8 30. Be5 Bxe5 31. Nxe5 Re8 32. Nc6 Rxe4 33. Nxa7 Re3 34. Rf7 Rxa3 35. Rxc7 Ra4 36. b5 Rb4 37. c4 Kg6 38. c5 Kg5 39. b6 Kf4 40. b7 Kg3 41. b8=Q Rxb8 42. Rxg7+ Kf2 43. Rf7+ Kg3 44. Rg7+ Kf2 45. Kh2 Ra8 46. c6 1-0

[Event "NAYCC U10"]
[Site "Toronto CAN"]
[Date "2013.08.16"]
[Round "5"]
[White "Jeyakumar, Yathushan"]
[Black "Brumund, Matthias"]
[Result "1-0"]
[WhiteElo "849"]
[BlackElo "916"]
[PlyCount "57"]
[GameId "2160767909258833"]
[EventDate "2013.08.14"]
[EventType "swiss"]
[EventRounds "9"]
[EventCountry "CAN"]
[SourceTitle "EXT 2022"]
[Source "ChessBase"]
[SourceDate "2021.10.06"]
[SourceVersion "1"]
[SourceVersionDate "2021.10.06"]
[SourceQuality "1"]

1. e4 e5 2. Nf3 Nc6 3. Nc3 Nf6 4. Bb5 d6 5. Bxc6+ bxc6 6. d3 d5 7. exd5 cxd5 8. Nxe5 Be6 9. Bg5 Bb4 10. Bxf6 Qxf6 11. Nf3 Bxc3+ 12. bxc3 Qxc3+ 13. Nd2 Bg4 14. f3 Bf5 15. Qe2+ Be6 16. O-O O-O 17. Rac1 Qb2 18. Rb1 Qxc2 19. Ra1 d4 20. Rfc1 Qa4 21. Nc4 Rac8 22. Qd2 Bxc4 23. dxc4 Rfd8 24. Qf4 d3 25. Re1 d2 26. Red1 a5 27. Rxd2 Rxd2 28. Qxd2 Ra8 29. Rd1 1-0

[Event "NAYCC U10"]
[Site "Toronto CAN"]
[Date "2013.08.16"]
[Round "5"]
[White "Klement, Ido"]
[Black "Low, Ethan"]
[Result "1/2-1/2"]
[WhiteElo "1130"]
[BlackElo "1397"]
[PlyCount "79"]
[GameId "2160767909258834"]
[EventDate "2013.08.14"]
[EventType "swiss"]
[EventRounds "9"]
[EventCountry "CAN"]
[SourceTitle "EXT 2022"]
[Source "ChessBase"]
[SourceDate "2021.10.06"]
[SourceVersion "1"]
[SourceVersionDate "2021.10.06"]
[SourceQuality "1"]

1. e4 d6 2. d4 Nf6 3. Nc3 e5 4. dxe5 dxe5 5. Qxd8+ Kxd8 6. Bg5 Be6 7. Nf3 Nbd7 8. O-O-O Kc8 9. Be2 c6 10. Rd2 b5 11. a3 a5 12. Rhd1 b4 13. Na4 Nxe4 14. Rxd7 Bxd7 15. Nb6+ Kb7 16. Nxa8 Kxa8 17. Rxd7 f6 18. Be3 Bc5 19. Bxc5 Nxc5 20. Rd6 Kb7 21. Ne1 Kc7 22. Rd1 bxa3 23. bxa3 Ne4 24. Nd3 Rb8 25. Nb2 Nxf2 26. Rd2 Ne4 27. Rd3 Nc5 28. Rc3 Ne6 29. Rb3 Rd8 30. Rc3 Nd4 31. Bf3 f5 32. Re3 e4 33. Bxe4 fxe4 34. Rxe4 Nb5 35. a4 Nc3 36. Re1 Rd4 37. Re7+ Rd7 38. Rxd7+ Kxd7 39. Kd2 Ne4+ 40. Ke3 1/2-1/2

[Event "NAYCC U10"]
[Site "Toronto CAN"]
[Date "2013.08.16"]
[Round "5"]
[White "Liu, Daniel1"]
[Black "Corvera Choi, Kemos"]
[Result "0-1"]
[WhiteElo "1627"]
[BlackElo "1667"]
[PlyCount "126"]
[GameId "2160767909258835"]
[EventDate "2013.08.14"]
[EventType "swiss"]
[EventRounds "9"]
[EventCountry "CAN"]
[SourceTitle "EXT 2022"]
[Source "ChessBase"]
[SourceDate "2021.10.06"]
[SourceVersion "1"]
[SourceVersionDate "2021.10.06"]
[SourceQuality "1"]

1. e4 c5 2. Nf3 d6 3. d4 cxd4 4. Nxd4 Nf6 5. Nc3 a6 6. Bc4 e6 7. O-O Be7 8. Be3 Qc7 9. Bd3 Nbd7 10. f4 h5 11. h3 b5 12. a3 Bb7 13. Kh1 Nc5 14. Qf3 Rc8 15. Rae1 Qb8 16. Bf2 Qa8 17. Kg1 h4 18. Re2 g6 19. Rd1 Kf8 20. Ree1 Kg7 21. Kh2 Rcg8 22. b4 Ncd7 23. Nb3 Kf8 24. Na5 g5 25. Nxb7 g4 26. hxg4 Nxg4+ 27. Kh3 Qxb7 28. Rg1 Nxf2+ 29. Qxf2 Nf6 30. Be2 Nxe4 31. Nxe4 Qxe4 32. Bd3 Rg3+ 33. Kh2 Qa8 34. f5 e5 35. f6 Bd8 36. Rde1 Qb7 37. Be4 d5 38. Bf5 Bb6 39. Qe2 Bxg1+ 40. Rxg1 e4 41. Qf2 Qc7 42. Qc5+ Qxc5 43. bxc5 Rc3 44. Rd1 Rxc5 45. a4 Rh6 46. axb5 axb5 47. Ra1 Rxf6 48. Ra8+ Kg7 49. Bd7 Rxc2 50. Bxb5 d4 51. Ra4 d3 52. Rxe4 d2 53. Rg4+ Kf8 54. Rd4 Ke7 55. Ba4 Ra2 56. Bd1 Rd6 57. Rxh4 Ra1 58. Re4+ Kf8 59. Bc2 d1=Q 60. Bxd1 Raxd1 61. Kg3 Kg7 62. Rg4+ Rg6 63. Rxg6+ Kxg6 0-1

[Event "NAYCC U10"]
[Site "Toronto CAN"]
[Date "2013.08.16"]
[Round "5"]
[White "Luo, Benett"]
[Black "Yong, Nathaniel"]
[Result "1/2-1/2"]
[WhiteElo "749"]
[BlackElo "1014"]
[PlyCount "119"]
[GameId "2160767909258836"]
[EventDate "2013.08.14"]
[EventType "swiss"]
[EventRounds "9"]
[EventCountry "CAN"]
[SourceTitle "EXT 2022"]
[Source "ChessBase"]
[SourceDate "2021.10.06"]
[SourceVersion "1"]
[SourceVersionDate "2021.10.06"]
[SourceQuality "1"]

1. e4 c5 2. d4 cxd4 3. Nf3 Nf6 4. Bd3 Nc6 5. c3 dxc3 6. Nxc3 d6 7. O-O e6 8. Re1 Be7 9. Bg5 O-O 10. Qd2 Bd7 11. a3 Qc7 12. Be3 Rac8 13. Nb5 Qb8 14. Rac1 a6 15. Nc3 Ng4 16. Bb6 Bd8 17. Bxd8 Rfxd8 18. h3 Nge5 19. Nxe5 Nxe5 20. Ne2 Bc6 21. Ng3 h6 22. Re3 d5 23. Qe2 d4 24. Rf3 Nxf3+ 25. Qxf3 Qe5 26. Rf1 Bb5 27. Bxb5 Qxb5 28. Rb1 Rd7 29. Nh5 Qg5 30. Rd1 Rcd8 31. Nf4 Qf6 32. Kf1 g5 33. Nd3 Qxf3 34. gxf3 Rc8 35. Ne5 Rd6 36. Ke2 Rc2+ 37. Rd2 Rxd2+ 38. Kxd2 b5 39. b4 h5 40. Nd3 Rc6 41. Nc5 Kf8 42. Kd3 e5 43. Nd7+ Ke7 44. Nxe5 Rd6 45. Kd2 Ke6 46. Nd3 f5 47. Nc5+ Kf6 48. exf5 Kxf5 49. Ne4 Rd5 50. Kd3 Kf4 51. Nd2 g4 52. fxg4 hxg4 53. hxg4 Kxg4 54. Ne4 Kf3 55. Nf6 Rf5 56. Ne4 Rf4 57. Nc5 Kxf2 58. Nxa6 Rf3+ 59. Kxd4 Rxa3 60. Nc5 1/2-1/2

[Event "NAYCC U10"]
[Site "Toronto CAN"]
[Date "2013.08.16"]
[Round "5"]
[White "Luo, Jia Yu"]
[Black "Ju, Lawrence"]
[Result "0-1"]
[WhiteElo "951"]
[BlackElo "1420"]
[PlyCount "76"]
[GameId "2160767909258837"]
[EventDate "2013.08.14"]
[EventType "swiss"]
[EventRounds "9"]
[EventCountry "CAN"]
[SourceTitle "EXT 2022"]
[Source "ChessBase"]
[SourceDate "2021.10.06"]
[SourceVersion "1"]
[SourceVersionDate "2021.10.06"]
[SourceQuality "1"]

1. e4 c5 2. Nf3 Nc6 3. d4 cxd4 4. Nxd4 Nf6 5. Nc3 g6 6. Bc4 Bg7 7. Be3 O-O 8. Qd2 Qb6 9. O-O-O Ng4 10. Ne6 Nxe3 11. Na4 Nxc4 12. Nxb6 Nxd2 13. Nxf8 axb6 14. Rxd2 Kxf8 15. a3 Bh6 16. Rhd1 Bxd2+ 17. Rxd2 d6 18. h4 Nb4 19. Kb1 Nxc2 20. Rxc2 f5 21. Rc4 fxe4 22. f3 exf3 23. Rf4+ Kg7 24. Rxf3 Bf5+ 25. Ka2 b5 26. b4 Rc8 27. Kb2 Rc2+ 28. Kb3 Rxg2 29. h5 gxh5 30. Rxf5 h4 31. Rh5 Rg3+ 32. Ka2 h3 33. Kb1 Rxa3 34. Rg5+ Kh6 35. Rxb5 h2 36. Kb2 Rg3 37. Rxb7 h1=Q 38. Rxe7 Qh2+ 0-1

[Event "NAYCC U10"]
[Site "Toronto CAN"]
[Date "2013.08.16"]
[Round "5"]
[White "Moreno Vasquez, Esteban"]
[Black "Xiong, Dylan"]
[Result "1-0"]
[WhiteElo "1717"]
[BlackElo "727"]
[PlyCount "118"]
[GameId "2160767909258838"]
[EventDate "2013.08.14"]
[EventType "swiss"]
[EventRounds "9"]
[EventCountry "CAN"]
[SourceTitle "EXT 2022"]
[Source "ChessBase"]
[SourceDate "2021.10.06"]
[SourceVersion "1"]
[SourceVersionDate "2021.10.06"]
[SourceQuality "1"]

1. c4 e5 2. Nc3 Nc6 3. Nf3 Bc5 4. g3 Nf6 5. Bg2 d6 6. O-O O-O 7. d3 Bf5 8. a3 a5 9. Bd2 Qd7 10. Re1 Rad8 11. Rb1 Rfe8 12. Na4 Ba7 13. Nh4 Ng4 14. Rf1 Qe6 15. Nxf5 Qxf5 16. Be1 Qh5 17. h3 Nf6 18. e3 Qf5 19. Qf3 Qd7 20. Qd1 e4 21. d4 d5 22. c5 b6 23. b4 axb4 24. axb4 bxc5 25. bxc5 Rb8 26. Rxb8 Rxb8 27. Bd2 Nb4 28. Bxb4 Rxb4 29. Nc3 Rb2 30. Qc1 Rb4 31. Qa3 Rc4 32. Rc1 c6 33. Bf1 h6 34. Kg2 Rxc3 35. Rxc3 g5 36. Rc1 Bb8 37. Rb1 Bc7 38. Rb7 g4 39. h4 Qf5 40. Qb2 Qf3+ 41. Kg1 Bxg3 42. fxg3 Qxg3+ 43. Bg2 Qe1+ 44. Bf1 Qg3+ 45. Qg2 Qxe3+ 46. Qf2 Qxf2+ 47. Kxf2 e3+ 48. Kxe3 Ne4 49. Bg2 f5 50. Bxe4 fxe4 51. Kf4 h5 52. Re7 Kf8 53. Re5 Kg8 54. Rxh5 e3 55. Kxe3 g3 56. Rg5+ Kf7 57. Rxg3 Kf6 58. Kf3 Kf5 59. Rg5+ Ke6 1-0

[Event "NAYCC U10"]
[Site "Toronto CAN"]
[Date "2013.08.16"]
[Round "5"]
[White "Pan, David"]
[Black "Lin, Benjamin1"]
[Result "1-0"]
[WhiteElo "1663"]
[BlackElo "1500"]
[PlyCount "53"]
[GameId "2160767909258839"]
[EventDate "2013.08.14"]
[EventType "swiss"]
[EventRounds "9"]
[EventCountry "CAN"]
[SourceTitle "EXT 2022"]
[Source "ChessBase"]
[SourceDate "2021.10.06"]
[SourceVersion "1"]
[SourceVersionDate "2021.10.06"]
[SourceQuality "1"]

1. e4 c5 2. d4 cxd4 3. c3 dxc3 4. Nxc3 Nc6 5. Nf3 g6 6. Bc4 Bg7 7. Bd2 e6 8. O-O Nge7 9. Re1 O-O 10. Bf4 e5 11. Be3 a6 12. Nd5 Nxd5 13. Bxd5 Kh8 14. Ng5 Qf6 15. Qb3 Kg8 16. Nf3 h6 17. Red1 d6 18. Rac1 Bg4 19. Qxb7 Bxf3 20. gxf3 Ne7 21. Kg2 Nxd5 22. Qxd5 Rab8 23. b3 Rfd8 24. Rc6 Rb5 25. Qd2 h5 26. Bg5 Bh6 27. Bxf6 1-0